[Event "Asia U20 op"]
[Site "Tashkent"]
[Date "2012.06.02"]
[Round "4"]
[White "Aravindh, Chithambaram VR"]
[Black "Karayev, Assylkhan"]
[Result "1-0"]
[WhiteElo "2228"]
[BlackElo "2276"]
[PlyCount "95"]
[EventDate "2012.05.30"]
[EventType "swiss"]
[EventRounds "9"]
[EventCountry "UZB"]
[SourceTitle "CBM 148 Extra"]
[Source "ChessBase"]
[SourceDate "2012.06.22"]
[SourceVersion "1"]
[SourceVersionDate "2012.06.22"]
[SourceQuality "1"]

1. e4 e6 2. d4 b6 3. Nf3 Bb7 4. Bd3 d5 5. e5 c5 6. c3 Qd7 7. Qe2 a5 8. h4 Ba6 9. Nbd2 Bxd3 10. Qxd3 Nc6 11. a3 Nge7 12. h5 h6 13. b3 Qb7 14. g4 cxd4 15. cxd4 Qa6 16. Qe3 Na7 17. Bb2 Rc8 18. Rc1 Rxc1+ 19. Bxc1 Nec6 20. Bb2 Qb5 21. Ng1 a4 22. b4 Na5 23. Ne2 Nc4 24. Nxc4 Qxc4 25. Kd2 Qc7 26. Rc1 Qd7 27. Qc3 Be7 28. f4 Kd8 29. Qd3 b5 30. Nc3 Qb7 31. Rf1 Qc6 32. f5 Qc4 33. Qxc4 dxc4 34. Ke3 Bg5+ 35. Ke4 Ke7 36. d5 Rb8 37. d6+ Kd7 38. fxe6+ Kxe6 39. Nd5 Bd8 40. g5 c3 41. Bxc3 Rc8 42. Bd4 Rc4 43. gxh6 f5+ 44. Rxf5 Nc6 45. Nf4+ Kd7 46. hxg7 Nxd4 47. g8Q Ne6+ 48. Kf3 1-0

[Event "KAZ-ch qual"]
[Site "Astana"]
[Date "2012.02.26"]
[Round "6"]
[White "Lozhnikov, Vyacheslav"]
[Black "Karayev, Assylkhan"]
[Result "1-0"]
[WhiteElo "2304"]
[BlackElo "2262"]
[PlyCount "61"]
[EventDate "2012.02.21"]
[EventType "swiss"]
[EventRounds "9"]
[EventCountry "KAZ"]
[SourceTitle "EXT 2014"]
[Source "ChessBase"]
[SourceDate "2013.11.20"]
[SourceVersion "1"]
[SourceVersionDate "2013.11.20"]
[SourceQuality "1"]

1. d4 b6 2. c4 Bb7 3. Nf3 e6 4. g3 Bb4+ 5. Bd2 Bxf3 6. exf3 Bxd2+ 7. Qxd2 d5 8. Nc3 Ne7 9. cxd5 Nxd5 10. Bb5+ c6 11. Ba4 0-0 12. 0-0 Ne7 13. Rac1 Na6 14. Ne2 Rc8 15. a3 Nc5 16. Bc2 Nd7 17. Bb1 Nf6 18. f4 Qd7 19. Qe3 Rfd8 20. Rfd1 Qb7 21. h3 h5 22. Kh2 Rd7 23. Ng1 Rcd8 24. b4 Ned5 25. Qe2 Nc7 26. Nf3 Nb5 27. Qe3 Rd6 28. Rd3 Qa8 29. Qd2 c5 30. bxc5 bxc5 31. Rc4 1-0

[Event "KAZ-ch qual"]
[Site "Astana"]
[Date "2012.02.24"]
[Round "4"]
[White "Egorov, Evgeni"]
[Black "Karayev, Assylkhan"]
[Result "1-0"]
[WhiteElo "2338"]
[BlackElo "2262"]
[PlyCount "55"]
[EventDate "2012.02.21"]
[EventType "swiss"]
[EventRounds "9"]
[EventCountry "KAZ"]
[SourceTitle "EXT 2014"]
[Source "ChessBase"]
[SourceDate "2013.11.20"]
[SourceVersion "1"]
[SourceVersionDate "2013.11.20"]
[SourceQuality "1"]

1. e4 d6 2. Nc3 e5 3. f4 Nf6 4. Nf3 Nbd7 5. Bc4 Be7 6. d3 0-0 7. fxe5 Nxe5 8. Nxe5 dxe5 9. 0-0 Ng4 10. Kh1 Bc5 11. Qe1 Qd4 12. Nd1 Be6 13. Bb3 Qd6 14. Qh4 Qb6 15. Rf3 Kh8 16. h3 Bxb3 17. axb3 Nf6 18. Nc3 Qe6 19. Bd2 c6 20. Ne2 Nd7 21. b4 Be7 22. Qf2 c5 23. bxc5 Bxc5 24. Qf1 f6 25. b4 Be7 26. Qb1 Rfc8 27. c4 Nb8 28. Nc3 1-0

[Event "KAZ-ch U20"]
[Site "Kostanay"]
[Date "2012.02.05"]
[Round "2"]
[White "Karayev, Assylkhan"]
[Black "Makhnev, Denis"]
[Result "1-0"]
[WhiteElo "2262"]
[BlackElo "1625"]
[PlyCount "70"]
[EventDate "2012.02.04"]
[EventType "swiss"]
[EventRounds "9"]
[EventCountry "KAZ"]
[SourceTitle "EXT 2014"]
[Source "ChessBase"]
[SourceDate "2013.11.20"]
[SourceVersion "1"]
[SourceVersionDate "2013.11.20"]
[SourceQuality "1"]

1. b3 e5 2. Bb2 Nc6 3. e3 Nf6 4. Bb5 Bd6 5. Na3 Na5 6. Be2 a6 7. c4 Nc6 8. Nc2 e4 9. d4 exd3 10. Bxd3 Be5 11. Nd4 Bxd4 12. exd4 d5 13. Ne2 0-0 14. 0-0 Re8 15. Nf4 Qd6 16. Nxd5 Nxd5 17. cxd5 Qxd5 18. Bc4 Qf5 19. Qd2 Bd7 20. Rfe1 Rad8 21. d5 Ne5 22. Qd4 f6 23. d6+ Kh8 24. dxc7 Rc8 25. Qd6 Nxc4 26. bxc4 Bc6 27. f3 Qa5 28. Rxe8+ Rxe8 29. Rd1 h6 30. Bxf6 Qf5 31. Bc3 Kg8 32. Qg3 g6 33. Qd6 Kh7 34. Qf6 Qxf6 35. Bxf6 Rc8 1-0

[Event "KAZ-ch U20"]
[Site "Kostanay"]
[Date "2012.02.04"]
[Round "1"]
[White "Iskakov, Aibek"]
[Black "Karayev, Assylkhan"]
[Result "0-1"]
[WhiteElo "2407"]
[BlackElo "2262"]
[PlyCount "50"]
[EventDate "2012.02.04"]
[EventType "swiss"]
[EventRounds "9"]
[EventCountry "KAZ"]
[SourceTitle "EXT 2014"]
[Source "ChessBase"]
[SourceDate "2013.11.20"]
[SourceVersion "1"]
[SourceVersionDate "2013.11.20"]
[SourceQuality "1"]

1. e4 d6 2. Nf3 Nf6 3. Nc3 e5 4. Bc4 Be7 5. 0-0 0-0 6. h3 c6 7. Bb3 b5 8. a3 Nbd7 9. d4 Bb7 10. Re1 a5 11. d5 b4 12. dxc6 Bxc6 13. Nd5 Nc5 14. Nxf6+ Bxf6 15. Bd5 Qb6 16. Be3 Qb7 17. c4 Nxe4 18. Bxc6 Qxc6 19. Qc2 d5 20. b3 dxc4 21. bxc4 Nc3 22. Bd2 e4 23. Bxc3 Bxc3 24. Rxe4 Bxa1 25. Ng5 Qg6 0-1

[Event "KAZ-ch"]
[Site "Astana"]
[Date "2011.05.??"]
[Round "8"]
[White "Erzhanov, Arman"]
[Black "Karayev, Assylkhan"]
[Result "1-0"]
[WhiteElo "2305"]
[BlackElo "2260"]
[PlyCount "129"]
[EventDate "2011.05.??"]
[EventType "tourn"]
[EventRounds "13"]
[EventCountry "KAZ"]
[EventCategory "6"]
[SourceTitle "CBM 142 Extra"]
[Source "ChessBase"]
[SourceDate "2011.06.27"]
[SourceVersion "1"]
[SourceVersionDate "2011.06.27"]
[SourceQuality "1"]

1. e4 d6 2. d4 Nf6 3. Nc3 e5 4. Nf3 Nbd7 5. Bc4 Be7 6. 0-0 0-0 7. a4 c6 8. Re1 exd4 9. Nxd4 d5 10. exd5 Nb6 11. Ba2 Nbxd5 12. Nxd5 Nxd5 13. Bxd5 cxd5 14. c3 a5 15. Bf4 Ra6 16. Re3 Rg6 17. Rg3 Qb6 18. Nb5 Bc5 19. Qd2 Rf6 20. Rf1 Re8 21. Nc7 Rd8 22. Bg5 d4 23. Bxf6 Qxf6 24. Qg5 Qxg5 25. Rxg5 Bd6 26. Nb5 Bf4 27. Rc5 d3 28. Rc4 d2 29. Rd4 Rxd4 30. Nxd4 Bg4 31. f3 Be3+ 32. Kh1 Bd7 33. b3 f5 34. g3 f4 35. Kg2 h5 36. Rd1 Be8 37. gxf4 Kf7 38. Kg3 Kf6 39. h4 Bg6 40. f5 Bf7 41. Nc2 Bh6 42. c4 g6 43. Kf2 gxf5 44. Ne3 Bf8 45. Rxd2 f4 46. Nd5+ Kf5 47. Re2 Bd6 48. Nc3 Be6 49. Ne4 Be7 50. Ng5 Bc5+ 51. Kg2 Bd7 52. Rd2 Bc6 53. Rd8 Kg6 54. Ne6 Be7 55. Rh8 Bxh4 56. Nxf4+ Kg7 57. Rxh5 Be1 58. Ne6+ Kg6 59. Rh1 Bb4 60. Nd8 Bd7 61. Nxb7 Bf5 62. c5 Be6 63. c6 Kf6 64. c7 Bc8 65. Rh8 1-0

[Event "KAZ-ch"]
[Site "Astana"]
[Date "2011.05.??"]
[Round "5"]
[White "Karayev, Assylkhan"]
[Black "Jumabayev, Rinat"]
[Result "0-1"]
[WhiteElo "2260"]
[BlackElo "2522"]
[PlyCount "88"]
[EventDate "2011.05.??"]
[EventType "tourn"]
[EventRounds "13"]
[EventCountry "KAZ"]
[EventCategory "6"]
[SourceTitle "CBM 142 Extra"]
[Source "ChessBase"]
[SourceDate "2011.06.27"]
[SourceVersion "1"]
[SourceVersionDate "2011.06.27"]
[SourceQuality "1"]

1. e4 c5 2. Nf3 e6 3. d3 Nc6 4. g3 g6 5. Bg2 Bg7 6. 0-0 Nge7 7. Re1 0-0 8. e5 d6 9. exd6 Qxd6 10. Nbd2 Qc7 11. Ne4 b6 12. Bg5 f6 13. Bd2 e5 14. h4 Bg4 15. Qc1 Qd7 16. Nh2 Bh3 17. Bh1 Rae8 18. Bh6 f5 19. Bxg7 Kxg7 20. Ng5 f4 21. Nxh3 Qxh3 22. Bg2 Qd7 23. Nf3 Nf5 24. Kh2 Qc7 25. Ng5 fxg3+ 26. fxg3 e4 27. Qf4 Ne5 28. Rxe4 h6 29. Nf3 Nd4 30. Nxe5 Rxf4 31. gxf4 Rf8 32. Rf1 Nxc2 33. Kg1 Nd4 34. Ng4 h5 35. Ne3 Rxf4 36. Nd5 Rxf1+ 37. Kxf1 Qg3 38. Re7+ Kh6 39. Be4 Qxh4 40. Rxa7 Qh3+ 41. Kg1 Ne2+ 42. Kf2 Qh2+ 43. Ke3 Nd4 44. Rf7 Qe2+ 0-1

[Event "Wch U18"]
[Site "Kemer"]
[Date "2009.11.22"]
[Round "11"]
[White "Kleijn, Christov"]
[Black "Karayev, Assylkhan"]
[Result "0-1"]
[WhiteElo "2383"]
[BlackElo "2275"]
[PlyCount "48"]
[EventDate "2009.11.12"]
[EventType "swiss"]
[EventRounds "11"]
[EventCountry "TUR"]
[SourceTitle "EXT 2010"]
[Source "ChessBase"]
[SourceDate "2010.11.25"]
[SourceVersion "1"]
[SourceVersionDate "2010.11.25"]
[SourceQuality "1"]

1. e4 e5 2. Nf3 Nc6 3. Bb5 g6 4. d4 exd4 5. Bg5 Be7 6. Bxe7 Qxe7 7. 0-0 Qc5 8. Ba4 Nge7 9. c3 dxc3 10. Nxc3 0-0 11. Rc1 Qh5 12. Nd5 Nxd5 13. exd5 Ne5 14. Nxe5 Qxe5 15. Qd2 b6 16. f4 Qd6 17. f5 Ba6 18. Rf3 Rfe8 19. Rh3 Qf6 20. fxg6 hxg6 21. Rf3 Qh4 22. Bxd7 Re2 23. Qc3 Rd8 24. Rh3 Qf2+ 0-1

[Event "Wch U18"]
[Site "Kemer"]
[Date "2009.11.15"]
[Round "4"]
[White "Karayev, Assylkhan"]
[Black "Rasulov, Vugar Ural Oglu"]
[Result "0-1"]
[WhiteElo "2275"]
[BlackElo "2427"]
[PlyCount "90"]
[EventDate "2009.11.12"]
[EventType "swiss"]
[EventRounds "11"]
[EventCountry "TUR"]
[SourceTitle "EXT 2010"]
[Source "ChessBase"]
[SourceDate "2010.11.25"]
[SourceVersion "1"]
[SourceVersionDate "2010.11.25"]
[SourceQuality "1"]

1. e4 c5 2. Nf3 e6 3. c4 a6 4. Nc3 Qc7 5. Be2 b6 6. 0-0 Bb7 7. d3 Be7 8. a3 Nc6 9. Be3 Nf6 10. h3 0-0 11. Qd2 Rfd8 12. Bf4 d6 13. Rab1 Nd7 14. b4 Nde5 15. bxc5 bxc5 16. Rb2 Nxf3+ 17. Bxf3 Nd4 18. Rfb1 Rab8 19. Bd1 Bc6 20. Ne2 Nxe2+ 21. Bxe2 h6 22. Bf1 Kh7 23. Bg3 Ba4 24. Rxb8 Rxb8 25. Rxb8 Qxb8 26. Qa5 Bc2 27. Qxc5 Qb1 28. Qe3 e5 29. Qe2 Qc1 30. c5 Kg8 31. cxd6 Bxd6 32. d4 a5 33. dxe5 Bxa3 34. e6 Bb3 35. exf7+ Bxf7 36. e5 Qc6 37. Qd2 a4 38. Qd8+ Bf8 39. f4 a3 40. Bf2 Qc1 41. Qa8 Bc4 42. e6 Qxf1+ 43. Kh2 Bxe6 44. Bc5 Qxf4+ 45. g3 Qd2+ 0-1

[Event "Zudov Memorial-A 5th"]
[Site "Nizhnij Tagil"]
[Date "2009.06.25"]
[Round "6"]
[White "Karayev, Assylkhan"]
[Black "Scerbin, Dmitrij"]
[Result "0-1"]
[WhiteElo "2295"]
[BlackElo "2350"]
[PlyCount "150"]
[EventDate "2009.06.21"]
[EventType "tourn"]
[EventRounds "9"]
[EventCountry "RUS"]
[EventCategory "3"]
[SourceTitle "EXT 2021"]
[Source "ChessBase"]
[SourceDate "2020.10.23"]
[SourceVersion "1"]
[SourceVersionDate "2020.10.23"]
[SourceQuality "1"]

1. e4 c5 2. Nf3 Nc6 3. Bb5 g6 4. Bxc6 dxc6 5. d3 Bg7 6. Nc3 e5 7. Be3 b6 8. h3 f6 9. Qd2 Be6 10. 0-0-0 Qd7 11. Nh2 g5 12. h4 h6 13. g3 g4 14. h5 Qf7 15. f4 gxf3 16. g4 Qd7 17. Rhg1 Ne7 18. Qf2 Nc8 19. Rg3 Nd6 20. Nxf3 0-0-0 21. Nh4 Nf7 22. Nf5 Bf8 23. a4 Kb7 24. b3 Rg8 25. Kb2 a5 26. Rf1 Bxf5 27. gxf5 Ng5 28. Nb1 Qf7 29. Rh1 Bd6 30. Nd2 Rd7 31. Nf3 Rh8 32. Qg1 Rhd8 33. Nh4 Rh8 34. Ng6 Rh7 35. Qf2 Bc7 36. Qe2 Qe8 37. c3 Qd8 38. Kc2 Rd6 39. Rb1 Rhd7 40. Bg1 Qg8 41. Rd1 Qd8 42. Rd2 Qe8 43. Be3 Qd8 44. Bxg5 hxg5 45. h6 Rh7 46. Rh3 Rdd7 47. Qe3 Bb8 48. Kd1 Ba7 49. Qf3 b5 50. Ke2 Bb6 51. Rb2 Ka7 52. Ra2 Qg8 53. c4 b4 54. Ra1 Bc7 55. Rg1 Qe8 56. Qh5 Qd8 57. Qf3 Kb6 58. Qe3 Rdf7 59. Rh5 Qd4 60. Qxd4 cxd4 61. Kf3 Kb7 62. Kg4 Kc8 63. c5 Kd7 64. Rf1 Bd8 65. Rh2 Bc7 66. Kh5 Ke8 67. Rg2 Bd8 68. Rxg5 fxg5 69. Nxe5 Bc7 70. Ng4 Bf4 71. e5 Rh8 72. Nf6+ Rxf6 73. exf6 Kf7 74. Re1 Be3 75. Kg4 Rxh6 0-1

[Event "Nizhnij Tagil op"]
[Site "Nizhnij Tagil"]
[Date "2008.12.11"]
[Round "7"]
[White "Karayev, Assylkhan"]
[Black "Goriatchkin, Jouri"]
[Result "1-0"]
[WhiteElo "2283"]
[BlackElo "2370"]
[PlyCount "95"]
[EventDate "2008.12.06"]
[EventType "swiss"]
[EventRounds "11"]
[EventCountry "RUS"]
[SourceTitle "EXT 2010"]
[Source "ChessBase"]
[SourceDate "2010.11.25"]
[SourceVersion "1"]
[SourceVersionDate "2010.11.25"]
[SourceQuality "1"]

1. e4 d5 2. exd5 Qxd5 3. Nc3 Qd6 4. d4 Nf6 5. Bd3 c6 6. Nge2 Bg4 7. f3 Bh5 8. Bf4 Qd8 9. h4 Bg6 10. h5 Bxd3 11. Qxd3 e6 12. 0-0-0 Bd6 13. Bg5 Nbd7 14. g4 Qa5 15. Bd2 Qa6 16. Qxa6 bxa6 17. g5 Nd5 18. Ne4 Be7 19. c4 N5b6 20. b3 0-0 21. Rh3 c5 22. Bc3 cxd4 23. Nxd4 Rfc8 24. g6 f5 25. h6 hxg6 26. Nf2 Bf6 27. f4 Nf8 28. h7+ Nxh7 29. Nxe6 Nf8 30. Nxf8 Rxf8 31. Bxf6 Rxf6 32. Nd3 Nd7 33. Nb4 Nc5 34. Nd5 Rff8 35. Rg1 Ne4 36. Rxg6 Kf7 37. Rxa6 Rfd8 38. Rh5 Nd6 39. Ne3 Rd7 40. Nxf5 Ne4 41. Ne3 Nf6 42. Rf5 Kg8 43. Nd5 Nxd5 44. Rxd5 Rf7 45. f5 Re8 46. Re6 Ref8 47. Ree5 Rf6 48. Re7 1-0

[Event "Nizhnij Tagil op"]
[Site "Nizhnij Tagil"]
[Date "2008.12.09"]
[Round "5"]
[White "Karayev, Assylkhan"]
[Black "Kaliberda, Vladimir"]
[Result "0-1"]
[WhiteElo "2283"]
[BlackElo "2323"]
[PlyCount "124"]
[EventDate "2008.12.06"]
[EventType "swiss"]
[EventRounds "11"]
[EventCountry "RUS"]
[SourceTitle "EXT 2010"]
[Source "ChessBase"]
[SourceDate "2010.11.25"]
[SourceVersion "1"]
[SourceVersionDate "2010.11.25"]
[SourceQuality "1"]

1. e4 c5 2. Nf3 e6 3. c4 Nc6 4. Nc3 Nge7 5. Be2 Nd4 6. Nxd4 cxd4 7. Nb5 Nc6 8. 0-0 a6 9. Na3 Be7 10. Nc2 0-0 11. d3 d5 12. cxd5 exd5 13. exd5 Qxd5 14. Bf3 Qd8 15. Re1 Be6 16. b3 Rc8 17. Bb2 Bc5 18. Qd2 Qd6 19. Re2 Rc7 20. Qg5 h6 21. Qh4 Ne5 22. Nxd4 Bxd4 23. Qxd4 Qxd4 24. Bxd4 Nxf3+ 25. gxf3 Rd7 26. Bc5 Rc8 27. d4 Rc6 28. Rc1 Bh3 29. Re4 Rg6+ 30. Rg4 Bxg4 31. fxg4 Rxg4+ 32. Kf1 Rg6 33. Rd1 Rc6 34. Bb4 Rd5 35. Rd2 Re6 36. Rd3 Kh7 37. a4 b6 38. a5 bxa5 39. Bc5 g5 40. Rd2 g4 41. Ra2 Re4 42. Rxa5 Re6 43. b4 Rf6 44. Ra2 h5 45. Re2 Kg6 46. Re8 Rdf5 47. Re2 h4 48. Rd2 Rd5 49. Kg2 Rf3 50. h3 Rxh3 51. Ra2 Rb3 52. Rxa6+ f6 53. Ra2 Kf5 54. Re2 h3+ 55. Kh2 Kf4 56. Re6 f5 57. Bd6+ Rxd6 58. Rxd6 Rb2 59. Kg1 Rb1+ 60. Kh2 Rf1 61. b5 Rxf2+ 62. Kg1 g3 0-1

[Event "Wch U16"]
[Site "Vung Tau"]
[Date "2008.10.28"]
[Round "9"]
[White "Wageih, Kareim"]
[Black "Karayev, Assylkhan"]
[Result "1-0"]
[WhiteElo "2197"]
[BlackElo "2283"]
[PlyCount "109"]
[EventDate "2008.10.20"]
[EventType "swiss"]
[EventRounds "11"]
[EventCountry "VIE"]
[SourceTitle "EXT 2009"]
[Source "ChessBase"]
[SourceDate "2008.11.26"]
[SourceVersion "1"]
[SourceVersionDate "2008.11.26"]
[SourceQuality "1"]

1. d4 Nf6 2. Nf3 d6 3. e3 Nbd7 4. c4 e5 5. Nc3 Be7 6. Be2 0-0 7. 0-0 c6 8. Qc2 Re8 9. b4 Bf8 10. a4 g6 11. Rd1 Qe7 12. b5 e4 13. Nd2 c5 14. Nb3 cxd4 15. Rxd4 Nc5 16. Ba3 Bf5 17. Rad1 Qe6 18. Nd5 Rac8 19. Nf4 Qe7 20. Rxd6 Qxd6 21. Rxd6 Bxd6 22. Nxc5 Bxc5 23. Bb2 Nd7 24. g4 Be6 25. Qc3 f6 26. g5 Bd6 27. Nxe6 Rxe6 28. Bg4 Rce8 29. Bxe6+ Rxe6 30. Qd4 b6 31. Qd5 Kf7 32. Qb7 Re7 33. Qxa7 fxg5 34. Qa8 g4 35. Qh8 Ke6 36. Qg8+ Rf7 37. Qa8 Nc5 38. Qd5+ Ke7 39. Be5 Bxe5 40. Qxe5+ Ne6 41. Qxe4 Rf5 42. Qb7+ Kf8 43. Qxb6 Ng5 44. e4 Nh3+ 45. Kf1 Rf3 46. Qd8+ Kg7 47. Qd7+ Kh6 48. Qd2+ g5 49. c5 Ra3 50. Qc1 Ra2 51. Qe1 Nf4 52. c6 Nd3 53. Qd1 Nxf2 54. Qb3 Rd2 55. Qe3 1-0

[Event "Wch U16"]
[Site "Vung Tau"]
[Date "2008.10.24"]
[Round "6"]
[White "Karayev, Assylkhan"]
[Black "Jorczik, Julian Marcel"]
[Result "1/2-1/2"]
[WhiteElo "2283"]
[BlackElo "2382"]
[PlyCount "103"]
[EventDate "2008.10.20"]
[EventType "swiss"]
[EventRounds "11"]
[EventCountry "VIE"]
[SourceTitle "EXT 2009"]
[Source "ChessBase"]
[SourceDate "2008.11.26"]
[SourceVersion "1"]
[SourceVersionDate "2008.11.26"]
[SourceQuality "1"]

1. e4 e6 2. d4 d5 3. Nc3 Nf6 4. Bg5 Bb4 5. e5 h6 6. Bd2 Bxc3 7. bxc3 Ne4 8. Qg4 Kf8 9. Bd3 Nxd2 10. Kxd2 c5 11. dxc5 Nd7 12. Nf3 Qc7 13. Qf4 Nxc5 14. h4 Bd7 15. Rh3 Rc8 16. Nd4 Ke8 17. Rb1 a6 18. Rg3 Rg8 19. Ne2 Bc6 20. Bh7 Ne4+ 21. Bxe4 dxe4 22. Nd4 Bd5 23. Re1 f6 24. Rxe4 Bxe4 25. Qxe4 fxe5 26. Nxe6 Qd6+ 27. Nd4 Rf8 28. Ke1 Rc7 29. Rg6 Rf6 30. Nf5 Rxg6 31. Nxd6+ Rxd6 32. f4 Re7 33. f5 Rd4 34. Qe3 Rxh4 35. Qg3 Rf4 36. Qg6+ Kf8 37. g3 Rf3 38. Ke2 e4 39. c4 h5 40. c5 Rf7 41. Qxh5 R7xf5 42. Qh8+ Kf7 43. Qc8 Kf6 44. Qxb7 Rf2+ 45. Ke3 Rxc2 46. Qb6+ Kg5 47. Qd8+ Kg6 48. Qe8+ Kf6 49. Qf8+ Kg6 50. Qe8+ Kf6 51. Qf8+ Kg6 52. Qe8+ 1/2-1/2

[Event "Wch U16"]
[Site "Vung Tau"]
[Date "2008.10.20"]
[Round "1"]
[White "Skoda, Martin"]
[Black "Karayev, Assylkhan"]
[Result "0-1"]
[WhiteElo "2001"]
[BlackElo "2283"]
[PlyCount "70"]
[EventDate "2008.10.20"]
[EventType "swiss"]
[EventRounds "11"]
[EventCountry "VIE"]
[SourceTitle "EXT 2009"]
[Source "ChessBase"]
[SourceDate "2008.11.26"]
[SourceVersion "1"]
[SourceVersionDate "2008.11.26"]
[SourceQuality "1"]

1. e4 e5 2. Nf3 Nc6 3. Bb5 Nge7 4. d4 exd4 5. Nxd4 g6 6. 0-0 Bg7 7. Be3 0-0 8. c4 a6 9. Bxc6 bxc6 10. Nc3 c5 11. Nde2 d6 12. Qd2 Rb8 13. b3 Re8 14. Rad1 Bb7 15. Ng3 Qc8 16. Rfe1 a5 17. Bf4 Nc6 18. Nd5 f6 19. h4 a4 20. Bh6 Nd4 21. b4 Bxd5 22. exd5 Rxb4 23. Bxg7 Kxg7 24. Rxe8 Qxe8 25. Re1 Qd7 26. Ne4 Rxc4 27. Nxf6 Kxf6 28. Qg5+ Kf7 29. h5 Rc2 30. Re4 Re2 31. hxg6+ hxg6 32. Rf4+ Nf5 33. Qh6 Re1+ 34. Kh2 Re5 35. Qh7+ Ke8 0-1

[Event "Asia-ch U16"]
[Site "Tehran"]
[Date "2008.07.19"]
[Round "5"]
[White "Karayev, Assylkhan"]
[Black "Amanbaev, Islomjon"]
[Result "1-0"]
[WhiteElo "2261"]
[BlackElo "2083"]
[PlyCount "45"]
[EventDate "2008.07.16"]
[EventType "swiss"]
[EventRounds "9"]
[EventCountry "IRI"]
[SourceTitle "CBM 125 Extra"]
[Source "ChessBase"]
[SourceDate "2008.09.01"]
[SourceVersion "1"]
[SourceVersionDate "2008.09.01"]
[SourceQuality "1"]

1. e4 c6 2. d4 d5 3. exd5 cxd5 4. c4 Nf6 5. Nc3 Nc6 6. Bg5 Bg4 7. Be2 Bxe2 8. Ngxe2 dxc4 9. d5 Ne5 10. 0-0 g6 11. d6 exd6 12. Qa4+ Ned7 13. Bxf6 Qxf6 14. Rfe1 Bg7 15. Nf4+ Kd8 16. Nfd5 Qf5 17. Qxc4 Nc5 18. f4 Ne6 19. Rxe6 Qxe6 20. Qc7+ Ke8 21. Qxb7 Rc8 22. Qc7 Qd7 23. Re1+ 1-0

[Event "Asia-ch U16"]
[Site "Tehran"]
[Date "2008.07.17"]
[Round "3"]
[White "Karayev, Assylkhan"]
[Black "Azemati, Amir"]
[Result "1-0"]
[WhiteElo "2261"]
[BlackElo "2088"]
[PlyCount "63"]
[EventDate "2008.07.16"]
[EventType "swiss"]
[EventRounds "9"]
[EventCountry "IRI"]
[SourceTitle "CBM 125 Extra"]
[Source "ChessBase"]
[SourceDate "2008.09.01"]
[SourceVersion "1"]
[SourceVersionDate "2008.09.01"]
[SourceQuality "1"]

1. e4 c5 2. Nf3 d6 3. Bb5+ Bd7 4. Bxd7+ Qxd7 5. 0-0 Nc6 6. c3 Nf6 7. Re1 e6 8. d4 cxd4 9. cxd4 d5 10. e5 Ne4 11. Ng5 Nxg5 12. Bxg5 Qc7 13. Be3 Qb6 14. Re2 Be7 15. Nc3 0-0 16. Na4 Qb5 17. Rc1 Rfc8 18. Nc3 Qb6 19. f4 f5 20. g4 Rf8 21. Rg2 Na5 22. gxf5 Rxf5 23. Qg4 Bf8 24. Nxd5 exd5 25. Qxf5 Nc4 26. e6 Nxe3 27. Qf7+ Kh8 28. e7 Qf6 29. Qxf6 gxf6 30. exf8Q+ Rxf8 31. Re2 Nc4 32. Re7 1-0